000 00278nam a22001097a 4500
008 170110b xxu||||| |||| 00| 0 eng d
020 _a9781616691127
041 _aeng
080 _a618.2
245 _aPEDIATRIC ADVANCED LIFE SUPPORT
_cAMERICAN HEART ASSOCIATION
942 _2udc
_cBK
999 _c2628
_d2628